000
00233nam a2200097Ia 4500
008
120527s9999 xx 000 0 und d
100
_a
UKA, K.
245
_a
M.D YUSUF Beyond the cop
260
_b
Profiles and Biographies
942
_c
BK
999
_c
25801
_d
25801